La conducta procesal de las partes

Bibliographic Details
Main Author: Gonzl̀ez Carvajal, Jorge I.
Format: eBook
Language:Spanish
Published: Barcelona: J.M. Bosch Editor, 2021
Subjects:
Online Access:Acceso restringido

MARC

LEADER 00000nam a22000007a 4500
005 20220831214633.0
007 cr|||| ||||
008 220831s2021 es |||||s|||| 00||0 spa d
020 |a 978-84-124357-5-7 
035 |a 36313 
040 |a vLex 
090 |c 13855  |d 13855 
100 1 |a Gonzl̀ez Carvajal, Jorge I. 
245 1 2 |a La conducta procesal de las partes  |h [Recurso electrn̤ico] /  |c Jorge I. Gonzl̀ez Carvajal 
256 |a Servicio en ln̕ea 
260 |a Barcelona:  |b J.M. Bosch Editor,  |c 2021 
300 |a 1 recurso electrn̤ico 
506 1 |a Disponible solo en los productos indicados  |d vLex Global  |d vLex Global (Academic Edition, excluding Law Schools)  |d vLex Global (U.S. Academic Edition, Law Schools)  |d vLex Global (U.S. Academic Edition, excluding Law Schools)  |d vLex Global (Academic Edition, Law Schools) 
650 0 4 |a Derecho Procesal  |z Espaą 
740 0 |a vLex Libros (Servicio en ln̕ea) 
856 4 0 |u https://app.vlex.com/#/sources/36313  |z Acceso restringido 
942 |c BOOK 
999 0 |a Procedural law